Células vivas y poblaciones celulares

-д хадгалсан:
Номзүйн дэлгэрэнгүй
Үндсэн зохиолч: Policard, A (Зохиогч)
Формат: Ном
Хэл сонгох:испани
Хэвлэсэн: Barcelona Labor 1970
Цуврал:Nueva Colección Labor, 123
Нөхцлүүд:
Шошгууд: Шошго нэмэх
Шошго байхгүй, Энэхүү баримтыг шошголох эхний хүн болох!

MARC

LEADER 00000cam a2200000 a 4500
001 UCF6954
003 CL-VaPUC
008 130530e19700000SP |||||||||||||||||spa|d
082 0 4 |a 571.6  |b POL  |2 21 
100 0 |a Policard, A  |e author  |9 568922 
245 1 0 |a Células vivas y poblaciones celulares 
300 |a 167 p 
942 |c BK 
945 |d 20130530 00:00:00  |a dcastane 
260 |a Barcelona  |b Labor  |c 1970 
650 0 |a Citología  |9 261432 
650 0 |a Biología celular  |9 341055 
650 0 |a Biología molecular  |9 269677 
650 0 |a Estructura celular   |9 362207 
583 |a last modification  |c 20130530 09:49:00  |k Rodrigo Vera 
490 0 |a Nueva Colección Labor, 123 
999 |c 351937  |d 351935